=LDR 00000nam 2200000 4500 =001 INLIS000000000024412 =005 20200610104109 =035 ##$$a 0010-061300000024412 =008 200610################g##########0#ind## =041 ##$$a Ind =082 ##$$a 2x1.4 =090 ##$$a 2x1.4, Bah d =100 ##$$a Saiful Bahri =245 1#$$a Diba arab dan latin : $b Beserta terjemahannya /$c Ust Saiful Bahri =260 ##$$a Surabaya :$b Serba Jaya,$c [s.a] =300 ##$$a 96 hlm. ; $c 21 X 15 cm. =650 #4$$a Shalawat Nabi =850 ##$$a NBPNMAT =084 ##$$a 2x1.4 SAI d =990 ##$$a 30608359